000 00368nam a2200109Ia 4500
008 171211s9999 xx 000 0 und d
245 _aAdvanced Intelligent Computing Theories and Application
245 _cDe-Shuang Huang, Laurent Heutte, and Marco Loog
260 _c2007
650 _xINFORMATION TECHNOLOGIES
856 _uhttp://down.ebook777.com/064/3540742816.pdf
999 _c349692
_d349692